[Event "3rd Asia-ch"]
[Site "Kolkata IND"]
[Date "2001.08.15"]
[Round "9"]
[White "Al-Modiahki, Mohamad"]
[Black "Wang Zili"]
[Result "1/2-1/2"]
[WhiteElo "2492"]
[BlackElo "2557"]
[EventDate "2001.08.09"]
[PlyCount "44"]

1.e4 c5 2.Nf3 d6 3.d4 cxd4 4.Nxd4 Nf6 5.Nc3 Nc6 6.Bc4 Qb6 7.Nde2 e6 8.O-O 
Be7 9.a3 O-O 10.Ba2 Ne5 11.Ng3 Bd7 12.Kh1 Rac8 13.f4 Nc4 14.Qe2 Qa6 15.e5 
dxe5 16.fxe5 Nd5 17.Nxd5 exd5 18.c3 Rfe8 19.Bb1 g6 20.Bd3 Qe6 21.Bf4 Qg4 
22.Qf2 Bc5 1/2-1/2

[Event "3rd Asia-ch"]
[Site "Kolkata IND"]
[Date "2001.08.15"]
[Round "9"]
[White "Al-Sayed, Mohamad Naser"]
[Black "Paragua, Mark"]
[Result "0-1"]
[WhiteElo "2299"]
[BlackElo "2444"]
[EventDate "2001.08.09"]
[PlyCount "86"]

1.e4 c5 2.Nf3 e6 3.d4 cxd4 4.Nxd4 a6 5.Bd3 Nf6 6.O-O Qc7 7.Qe2 d6 8.c4 g6 
9.Nc3 Bg7 10.Rd1 O-O 11.Nf3 Nfd7 12.Bf4 Ne5 13.Rac1 Nbd7 14.Nxe5 Nxe5 15.
Be3 f5 16.f3 f4 17.Bf2 g5 18.Na4 g4 19.Kh1 Bd7 20.Nb6 Rad8 21.c5 gxf3 22.
gxf3 dxc5 23.Bxc5 Nxd3 24.Qxd3 Bb5 25.Qc2 Rxd1+ 26.Rxd1 Rd8 27.Rg1 Kh8 28.
a4 Be8 29.b4 Bh5 30.Kg2 Qe5 31.Kf2 Qf6 32.Ke2 Qh4 33.Rxg7 Kxg7 34.Bf2 Qg5 
35.Qc7+ Kg8 36.h4 Bxf3+ 37.Kxf3 Qh5+ 38.Kg2 Qg4+ 39.Kh2 Rd2 40.Qc8+ Kf7 
41.Qc7+ Kg6 42.Qc5 Qxh4+ 43.Kg2 Qg3+ 0-1

[Event "3rd Asia-ch"]
[Site "Kolkata IND"]
[Date "2001.08.15"]
[Round "9"]
[White "Annageldiev, Orazly"]
[Black "Nazarov, Anvar"]
[Result "1-0"]
[WhiteElo "2485"]
[BlackElo "2410"]
[EventDate "2001.08.09"]
[PlyCount "41"]

1.e4 c5 2.Nf3 e6 3.Nc3 a6 4.d4 cxd4 5.Nxd4 b5 6.Be2 Bb7 7.Bf3 Qc7 8.O-O b4
9.Nd5 exd5 10.exd5 d6 11.Re1+ Be7 12.Nf5 Nd7 13.Bf4 Ne5 14.Bxe5 dxe5 15.d6
O-O-O 16.dxc7 Rxd1 17.Bxb7+ Kxb7 18.Raxd1 Kxc7 19.Rxe5 Bf6 20.Re8 g6 21.
Ne3 1-0

[Event "3rd Asia-ch"]
[Site "Kolkata IND"]
[Date "2001.08.15"]
[Round "9"]
[White "Djao Thien Hai"]
[Black "Rahman, Syed Mahfuzur"]
[Result "1-0"]
[WhiteElo "2572"]
[BlackElo "2235"]
[EventDate "2001.08.09"]
[PlyCount "71"]

1.d4 d5 2.c4 c6 3.Nf3 Nf6 4.Nc3 dxc4 5.a4 Bf5 6.e3 Na6 7.Bxc4 Nb4 8.O-O e6
9.Qe2 Nbd5 10.Nd2 Bb4 11.Na2 Bg6 12.f3 a5 13.Bb3 O-O 14.Nc4 c5 15.e4 Nb6 
16.Nxb4 cxb4 17.Nxb6 Qxb6 18.Be3 Qc6 19.Rfc1 Qd7 20.Rc2 Rfc8 21.Rac1 Rxc2 
22.Rxc2 Ne8 23.Rc5 Nd6 24.Qc2 h6 25.Bf4 Ne8 26.d5 Kh7 27.Qc4 Ra6 28.h4 h5 
29.dxe6 fxe6 30.Kh2 Qe7 31.Bg3 Nd6 32.Qd4 Be8 33.Qe5 g6 34.Qxe6 Qxe6 35.
Bxe6 Rc6 36.Rxc6 1-0

[Event "3rd Asia-ch"]
[Site "Kolkata IND"]
[Date "2001.08.15"]
[Round "9"]
[White "Donguines, Fernie"]
[Black "Villamayor, Buenaventura"]
[Result "0-1"]
[WhiteElo "2411"]
[BlackElo "2560"]
[EventDate "2001.08.09"]
[PlyCount "126"]

1.c4 e6 2.Nf3 d5 3.g3 Nf6 4.Bg2 Be7 5.O-O O-O 6.d4 dxc4 7.Qc2 a6 8.a4 Bd7 
9.Rd1 Bc6 10.Qxc4 Bd5 11.Qc2 Nc6 12.Nbd2 Nb4 13.Qb1 c5 14.e4 Bc6 15.e5 Nd7
16.Ne4 h6 17.b3 Bd5 18.Nc3 Bxf3 19.Bxf3 cxd4 20.Rxd4 Qc7 21.Rc4 Qa5 22.
Bxb7 Rab8 23.Bg2 Nxe5 24.Bf4 Nxc4 25.Bxb8 Nd2 26.Qd1 Rxb8 27.Qxd2 Rd8 28.
Qe2 Bf6 29.Qc4 Nd5 30.b4 Qxb4 31.Qxb4 Nxb4 32.Rd1 Rxd1+ 33.Nxd1 Bd4 34.Kf1
Kf8 35.Ke2 Ke7 36.Kd2 Kd6 37.Bf1 a5 38.Bb5 g5 39.h3 f5 40.Be8 Ke7 41.Bb5 
Kd6 42.Be8 Kd5 43.Bd7 Na6 44.Bb5 Nc5 45.Ke2 e5 46.Be8 Kc4 47.f4 exf4 48.
gxf4 gxf4 49.Bg6 Nxa4 50.Bxf5 Kd5 51.Bg4 Nc5 52.Bf3+ Ke5 53.Kd2 a4 54.Kc2 
a3 55.Kb1 Ne4 56.Ka2 Bc5 57.Bg4 Kd4 58.Be2 Nc3+ 59.Nxc3 Kxc3 60.Bf3 Kd3 
61.Kb1 Ke3 62.Bd5 f3 63.Kc2 Ke2 0-1

[Event "3rd Asia-ch"]
[Site "Kolkata IND"]
[Date "2001.08.15"]
[Round "9"]
[White "Dzhumaev, Marat"]
[Black "Peng Xiaomin"]
[Result "1/2-1/2"]
[WhiteElo "2497"]
[BlackElo "2629"]
[EventDate "2001.08.09"]
[PlyCount "116"]

1.e4 e5 2.Nf3 Nc6 3.Nc3 Nf6 4.g3 d5 5.exd5 Nxd5 6.Bg2 Nde7 7.d3 Nf5 8.O-O 
Be7 9.Re1 f6 10.Ne4 O-O 11.c3 a5 12.Qc2 Kh8 13.Bd2 Be6 14.Rad1 Qe8 15.d4 
exd4 16.Neg5 fxg5 17.Rxe6 Qf7 18.Re4 Nd6 19.Re2 dxc3 20.Bxc3 Bf6 21.Qc1 h6
22.h4 g4 23.Nh2 Bxc3 24.Qxc3 Rae8 25.Rde1 Rxe2 26.Rxe2 Nb5 27.Qd2 Rd8 28.
Qe1 Nbd4 29.Rd2 h5 30.a3 Qf6 31.Qe3 Qe5 32.Nf1 Rd6 33.Kh1 Qxe3 34.Nxe3 b5 
35.Bxc6 Nxc6 36.Rd5 Rxd5 37.Nxd5 Ne5 38.Nxc7 b4 39.axb4 axb4 40.b3 Kg8 41.
Kg2 Nd3 42.Kf1 Nc1 43.Nd5 Nxb3 44.Nxb4 Nd4 45.Ke1 Kf7 46.Kd2 Kf6 47.Ke3 
Ne6 48.Ke4 Nc5+ 49.Kd5 Na4 50.Kd4 Nb6 51.Nd5+ Nxd5 52.Kxd5 Kf5 53.Kd4 g5 
54.hxg5 Kxg5 55.Ke5 h4 56.gxh4+ Kxh4 57.Kf4 Kh3 58.Kf5 Kg2 1/2-1/2

[Event "3rd Asia-ch"]
[Site "Kolkata IND"]
[Date "2001.08.15"]
[Round "9"]
[White "Garma, Chito"]
[Black "Nadera, Barlo"]
[Result "1/2-1/2"]
[WhiteElo "2409"]
[BlackElo "2421"]
[EventDate "2001.08.09"]
[PlyCount "20"]

1.e4 e6 2.d4 d5 3.e5 c5 4.c3 Nc6 5.Nf3 Bd7 6.Be2 Nge7 7.O-O Ng6 8.Be3 cxd4
9.cxd4 a6 10.Nc3 Nh4 1/2-1/2

[Event "3rd Asia-ch"]
[Site "Kolkata IND"]
[Date "2001.08.15"]
[Round "9"]
[White "Ghorbani, Mohsen"]
[Black "Lodhi, Mahmood"]
[Result "1/2-1/2"]
[WhiteElo "2334"]
[BlackElo "2410"]
[EventDate "2001.08.09"]
[PlyCount "20"]

1.d4 Nf6 2.Nf3 e6 3.c4 b6 4.a3 Bb7 5.Nc3 d5 6.Bg5 Nbd7 7.e3 Be7 8.Rc1 O-O 
9.Bd3 c5 10.cxd5 exd5 1/2-1/2

[Event "3rd Asia-ch"]
[Site "Kolkata IND"]
[Date "2001.08.15"]
[Round "9"]
[White "Hakki, Imad"]
[Black "Moradiabadi, Elshan"]
[Result "0-1"]
[WhiteElo "2428"]
[BlackElo "2404"]
[EventDate "2001.08.09"]
[PlyCount "110"]

1.e4 c5 2.Nf3 e6 3.Nc3 d6 4.d4 cxd4 5.Nxd4 Nf6 6.Bc4 Be7 7.Bb3 O-O 8.Be3 
Na6 9.Qf3 Nc5 10.g4 Nxb3 11.axb3 d5 12.exd5 exd5 13.Nf5 Bxf5 14.gxf5 Ne4 
15.O-O-O Nxc3 16.bxc3 Qa5 17.Bd4 Qa1+ 18.Kd2 Bg5+ 19.Ke2 Qa6+ 20.Rd3 Rfe8+
21.Kf1 Rad8 22.f6 Bxf6 23.Bxf6 Qxf6 24.Qxf6 gxf6 25.Rg1+ Kf8 26.Rg4 Re5 
27.Rh4 h5 28.Rb4 b6 29.f4 Rf5 30.Re3 d4 31.Rf3 dxc3 32.Rxc3 Rd2 33.h3 Rfd5
34.Rc7 Rh2 35.Kg1 Rdd2 36.Rxa7 Rdg2+ 37.Kf1 Rxc2 38.Kg1 Rcg2+ 39.Kf1 Rb2 
40.Kg1 Rxh3 41.Rxb6 Rg3+ 42.Kh1 Rf3 43.Kg1 Rc3 44.Ra1 Kg7 45.Kh1 Rh3+ 46.
Kg1 h4 47.Rb8 Rc3 48.Kh1 Rh3+ 49.Kg1 Rd3 50.Kh1 Kh7 51.Rf8 Rdd2 52.Rxf7+ 
Kg6 53.Rf8 Kg7 54.Rb8 h3 55.Rb7+ Kh6 0-1

[Event "3rd Asia-ch"]
[Site "Kolkata IND"]
[Date "2001.08.15"]
[Round "9"]
[White "Izmukhambetov, Salauat"]
[Black "Torre, Eugenio"]
[Result "0-1"]
[WhiteElo "2352"]
[BlackElo "2541"]
[EventDate "2001.08.09"]
[PlyCount "56"]

1.e4 c5 2.c3 b6 3.d4 Bb7 4.f3 e6 5.Be3 Nf6 6.Bd3 Be7 7.Ne2 O-O 8.Nd2 Ba6 
9.Bb1 Nc6 10.a3 Re8 11.b4 cxd4 12.cxd4 e5 13.d5 Nd4 14.Nc1 Rc8 15.Kf2 Nh5 
16.Ndb3 Bg5 17.Re1 Bxe3+ 18.Rxe3 Qh4+ 19.Kg1 Qg5 20.Re1 Nf4 21.Ra2 Rc3 22.
Nxd4 exd4 23.Kh1 Rec8 24.Qd2 Be2 25.Rxe2 Rxc1+ 26.Re1 Qxg2+ 27.Qxg2 Rxe1+ 
28.Qg1 Rcc1 0-1

[Event "3rd Asia-ch"]
[Site "Kolkata IND"]
[Date "2001.08.15"]
[Round "9"]
[White "Kazhgaleev, Murtas"]
[Black "Konguvel, Ponnuswamy"]
[Result "1-0"]
[WhiteElo "2585"]
[BlackElo "2371"]
[EventDate "2001.08.09"]
[PlyCount "43"]

1.c4 Nf6 2.d4 g6 3.Nc3 d5 4.Nf3 Bg7 5.Qb3 dxc4 6.Qxc4 O-O 7.e4 a6 8.Be2 b5
9.Qb3 c5 10.dxc5 Bb7 11.O-O Nxe4 12.Nxe4 Bxe4 13.Bf4 Nc6 14.Rad1 Qa5 15.
Ng5 Bf5 16.Bf3 Rac8 17.g4 h6 18.Nxf7 Rxf7 19.gxf5 Kf8 20.Qe6 Re8 21.Bxc6 
Rf6 22.Qd7 1-0

[Event "3rd Asia-ch"]
[Site "Kolkata IND"]
[Date "2001.08.15"]
[Round "9"]
[White "Kostenko, Petr"]
[Black "Kunte, Abhijit"]
[Result "1-0"]
[WhiteElo "2494"]
[BlackElo "2547"]
[EventDate "2001.08.09"]
[PlyCount "127"]

1.e4 c5 2.Nf3 Nc6 3.d4 cxd4 4.Nxd4 Qb6 5.Nb3 Nf6 6.Bd3 e6 7.O-O d6 8.c4 
Ne5 9.Nc3 a6 10.Be3 Qc7 11.Rc1 Nxd3 12.Qxd3 Be7 13.Na4 Bd7 14.Nb6 Rd8 15.
f3 O-O 16.a4 Be8 17.a5 Qb8 18.Qc3 Nh5 19.Rfe1 Bh4 20.g3 Be7 21.Nd4 Nf6 22.
Ne2 h6 23.b4 Nd7 24.Bd4 Nxb6 25.Bxb6 Rc8 26.Nf4 Bg5 27.Be3 Qc7 28.Ne2 Be7 
29.Bd4 f6 30.Qd2 Bf7 31.Bb6 Qc6 32.Nf4 Rfe8 33.Kg2 Bf8 34.Qd3 g5 35.Ne2 e5
36.b5 Bxc4 37.bxc6 Bxd3 38.c7 Bb5 39.Nc3 Bc6 40.g4 Kf7 41.h4 Ke6 42.Rh1 
Re7 43.h5 Rd7 44.Rhd1 Be7 45.Nd5 Bxd5 46.exd5+ Kf7 47.Kg3 Bf8 48.Rc4 Re7 
49.Rdc1 Rd7 50.Ba7 Bg7 51.Bb8 f5 52.gxf5 e4 53.fxe4 Be5+ 54.Kg4 Bf4 55.
R1c2 Kf6 56.Rb2 Be3 57.Rxb7 Bc5 58.Rb6 Ke5 59.Rxa6 Rdxc7 60.Bxc7 Rxc7 61.
Ra8 Rb7 62.Re8+ Kf6 63.e5+ Kf7 64.Rc8 1-0

[Event "3rd Asia-ch"]
[Site "Kolkata IND"]
[Date "2001.08.15"]
[Round "9"]
[White "Liang Chong"]
[Black "Barua, Dibyendu"]
[Result "1/2-1/2"]
[WhiteElo "2556"]
[BlackElo "2499"]
[EventDate "2001.08.09"]
[PlyCount "73"]

1.d4 d5 2.c4 e6 3.Nc3 Nf6 4.cxd5 exd5 5.Bg5 c6 6.e3 Qb6 7.Qc2 Ne4 8.Nf3 
Nxg5 9.Nxg5 h6 10.Nf3 Be6 11.Bd3 Nd7 12.O-O Bd6 13.Rab1 a5 14.a3 O-O 15.h3
Rfe8 16.Rfe1 Qd8 17.Bh7+ Kh8 18.Bf5 Bxf5 19.Qxf5 Nf6 20.Ne5 Bxe5 21.dxe5 
Qd7 22.Qf4 Nh7 23.Qd4 Qc7 24.e4 dxe4 25.Nxe4 Rxe5 26.Qd6 Re7 27.Rbd1 Rae8 
28.Qxc7 Rxc7 29.Nd6 Rxe1+ 30.Rxe1 Nf6 31.Nc4 c5 32.a4 b6 33.Nxb6 Rb7 34.
Nc4 Rb4 35.Nxa5 Rxa4 36.Nb7 Rb4 37.Nxc5 1/2-1/2

[Event "3rd Asia-ch"]
[Site "Kolkata IND"]
[Date "2001.08.15"]
[Round "9"]
[White "Liang Jinrong"]
[Black "Li Wenliang"]
[Result "1/2-1/2"]
[WhiteElo "2510"]
[BlackElo "2494"]
[EventDate "2001.08.09"]
[PlyCount "33"]

1.e4 c6 2.d4 d5 3.Nd2 dxe4 4.Nxe4 Bf5 5.Ng3 Bg6 6.Nh3 Nf6 7.Nf4 e5 8.Nxg6 
hxg6 9.dxe5 Qa5+ 10.Bd2 Qxe5+ 11.Qe2 Qxe2+ 12.Bxe2 Nbd7 13.O-O Bc5 14.Bc3 
O-O 15.Bf3 Rfe8 16.Rfe1 Nb6 17.Ne4 1/2-1/2

[Event "3rd Asia-ch"]
[Site "Kolkata IND"]
[Date "2001.08.15"]
[Round "9"]
[White "Liu, Dede"]
[Black "Isaev, Jamshed"]
[Result "1-0"]
[WhiteElo "2402"]
[BlackElo "2454"]
[EventDate "2001.08.09"]
[PlyCount "61"]

1.e4 e5 2.Nf3 Nc6 3.Bb5 a6 4.Ba4 Nf6 5.O-O Be7 6.Re1 b5 7.Bb3 O-O 8.d4 d6 
9.c3 Bg4 10.Be3 d5 11.dxe5 Nxe5 12.exd5 Bxf3 13.gxf3 Qd7 14.f4 Ng6 15.Nd2 
Nh4 16.Kh1 Nxd5 17.Nf3 Qh3 18.Nxh4 Nxe3 19.Qf3 Qxh4 20.fxe3 Rad8 21.Re2 
Rd6 22.Rf1 Rfd8 23.e4 Rd3 24.Qg2 Bc5 25.e5 Be3 26.e6 fxe6 27.Qe4 Bc5 28.
Qxe6+ Kh8 29.Qe8+ Bf8 30.Qf7 Be7 31.Rxe7 1-0

[Event "3rd Asia-ch"]
[Site "Kolkata IND"]
[Date "2001.08.15"]
[Round "9"]
[White "Magai, Vladimir"]
[Black "Mahjoob, Morteza"]
[Result "1/2-1/2"]
[WhiteElo "2537"]
[BlackElo "2335"]
[EventDate "2001.08.09"]
[PlyCount "107"]

1.d4 f5 2.Nf3 Nf6 3.g3 g6 4.Bg2 Bg7 5.O-O O-O 6.c4 d6 7.Nc3 Na6 8.Re1 c6 
9.Rb1 Qe8 10.b4 h6 11.b5 Nc7 12.bxc6 bxc6 13.Qa4 Ne4 14.Bb2 Ne6 15.e3 N6c5
16.Qc2 Nxc3 17.Bxc3 Ne4 18.Ba1 g5 19.Nd2 d5 20.f3 Nxd2 21.Qxd2 Ba6 22.Bf1 
Qf7 23.Rbc1 Bxc4 24.Bxc4 dxc4 25.Qe2 c5 26.Rxc4 cxd4 27.Bxd4 Rfc8 28.Rec1 
Rxc4 29.Rxc4 Qe6 30.Bxg7 Kxg7 31.Kf2 Rb8 32.Qc2 Qf6 33.Rc3 Rb6 34.a3 g4 
35.Rb3 Rc6 36.Qb2 Qxb2+ 37.Rxb2 Rc3 38.fxg4 fxg4 39.a4 Ra3 40.Rb4 Ra2+ 41.
Kg1 h5 42.Rb5 Rxa4 43.Rxh5 Kg6 44.Rc5 Ra1+ 45.Kf2 Ra2+ 46.Kg1 a5 47.Rc4 
Kf5 48.Rf4+ Kg5 49.Re4 a4 50.Rxe7 Kf5 51.Re8 a3 52.e4+ Kf6 53.Ra8 Ke5 54.
Ra4 1/2-1/2

[Event "3rd Asia-ch"]
[Site "Kolkata IND"]
[Date "2001.08.15"]
[Round "9"]
[White "Mishra, Neeraj Kumar"]
[Black "Hossain, Enamul"]
[Result "1/2-1/2"]
[WhiteElo "2293"]
[BlackElo "2353"]
[EventDate "2001.08.09"]
[PlyCount "85"]

1.Nf3 Nf6 2.c4 g6 3.Nc3 d5 4.cxd5 Nxd5 5.g3 Bg7 6.Bg2 Nb6 7.b3 O-O 8.Bb2 
Nc6 9.O-O e5 10.d3 Nd4 11.Nd2 f5 12.Nc4 h5 13.e3 Ne6 14.Ne2 Nxc4 15.dxc4 
Qe7 16.f4 Rd8 17.Qc2 exf4 18.exf4 Bxb2 19.Qxb2 Nc5 20.Nc3 c6 21.Rae1 Qf8 
22.Re3 a5 23.Qe2 Bd7 24.Re5 Re8 25.Qe3 Rxe5 26.fxe5 Ne6 27.Ne2 Qc5 28.Qxc5
Nxc5 29.Nf4 Kf7 30.Rd1 Re8 31.Rd6 Rxe5 32.Rxg6 Ne6 33.Rh6 Nxf4 34.gxf4 Re2
35.Rh7+ Ke6 36.Bf1 Rxa2 37.c5 Rd2 38.Bc4+ Kf6 39.Rxh5 Rd4 40.Rh7 Kg6 41.
Re7 Kf6 42.Rf7+ Kg6 43.Re7 1/2-1/2

[Event "3rd Asia-ch"]
[Site "Kolkata IND"]
[Date "2001.08.15"]
[Round "9"]
[White "Peires, T. D. R."]
[Black "Roghani, Arash"]
[Result "0-1"]
[WhiteElo "2151"]
[BlackElo "2294"]
[EventDate "2001.08.09"]
[PlyCount "102"]

1.e4 c6 2.d4 d5 3.Nc3 dxe4 4.Nxe4 Bf5 5.Ng3 Bg6 6.Nf3 Nd7 7.Bd3 e6 8.O-O 
Ngf6 9.Re1 Bxd3 10.Qxd3 Qc7 11.c4 Be7 12.Bd2 O-O 13.Bc3 Rfd8 14.Rad1 Bf8 
15.Qe2 Nb6 16.b3 a5 17.Ne4 Qf4 18.Nxf6+ Qxf6 19.Rd3 Bb4 20.Bxb4 axb4 21.
Ne5 Qe7 22.h4 Nd7 23.Nf3 Nf6 24.Ne5 Nd7 25.Rg3 Ra5 26.c5 Nf8 27.Rf3 f5 28.
Nc4 Ra7 29.Rxf5 Qxh4 30.Nd6 Raa8 31.Rxf8+ Kxf8 32.Qxe6 Qf6 33.Qe4 Kg8 34.
Re3 Rxd6 35.cxd6 Qxd6 36.Qe7 Qxe7 37.Rxe7 b5 38.Re2 Kf7 39.Kf1 Rd8 40.Re4 
Rd6 41.f3 Kf6 42.Kf2 Re6 43.Ke3 h5 44.f4 Kf5 45.Re5+ Rxe5+ 46.fxe5 g5 47.
g3 c5 48.dxc5 Kxe5 49.c6 Kd6 50.c7 Kxc7 51.Ke4 h4 0-1

[Event "3rd Asia-ch"]
[Site "Kolkata IND"]
[Date "2001.08.15"]
[Round "9"]
[White "Prasad, Devaki"]
[Black "Rahman, Taibur"]
[Result "1-0"]
[WhiteElo "2440"]
[BlackElo "2246"]
[EventDate "2001.08.09"]
[PlyCount "47"]

1.e4 c5 2.Nf3 Nc6 3.Bb5 d6 4.d4 cxd4 5.Qxd4 Bd7 6.Bxc6 Bxc6 7.Nc3 Nf6 8.
Bg5 e6 9.O-O-O Be7 10.Qd3 O-O 11.Nd4 Rc8 12.f4 d5 13.e5 Nd7 14.h4 Nb6 15.
Qg3 Nc4 16.f5 Re8 17.Bh6 g6 18.fxe6 fxe6 19.h5 Qc7 20.hxg6 Qxe5 21.Bf4 Qf6
22.gxh7+ Kh8 23.Rh6 Qf7 24.Rg6 1-0

[Event "3rd Asia-ch"]
[Site "Kolkata IND"]
[Date "2001.08.15"]
[Round "9"]
[White "Rahman, Ziaur"]
[Black "Al-Rakib, Abdullah"]
[Result "0-1"]
[WhiteElo "2468"]
[BlackElo "2393"]
[EventDate "2001.08.09"]
[PlyCount "92"]

1.Nf3 d5 2.d4 Nf6 3.c4 c6 4.Nc3 e6 5.Bg5 dxc4 6.e4 b5 7.e5 h6 8.Bh4 g5 9.
Nxg5 hxg5 10.Bxg5 Nbd7 11.exf6 Bb7 12.g3 c5 13.d5 Ne5 14.Bg2 Nd3+ 15.Kf1 
Bh6 16.Qh5 Qd7 17.Bxh6 O-O-O 18.Qg5 b4 19.Bg7 bxc3 20.bxc3 Rhe8 21.h4 Bxd5
22.Rb1 Qc6 23.Rh2 Bxg2+ 24.Rxg2 Rd5 25.Qg4 Ne5 26.Qe2 Red8 27.Bh6 Qa4 28.
Rg1 Nd3 29.Be3 Rf5 30.h5 Rxf6 31.h6 Qc6 32.Qg4 Nxf2 33.Bxf2 Rd2 34.Ke1 
Rfxf2 35.h7 Rde2+ 36.Qxe2 Rxe2+ 37.Kxe2 Qe4+ 38.Kf2 Qc2+ 39.Kf3 Qxc3+ 40.
Kg4 Qg7+ 41.Kf3 Qc3+ 42.Kg4 Qg7+ 43.Kf3 Qxh7 44.g4 Qd3+ 45.Kf4 Qd2+ 46.Ke5
Qd4# 0-1

[Event "3rd Asia-ch"]
[Site "Kolkata IND"]
[Date "2001.08.15"]
[Round "9"]
[White "Ravi, Lanka"]
[Black "Kotsur, Pavel"]
[Result "0-1"]
[WhiteElo "2389"]
[BlackElo "2600"]
[EventDate "2001.08.09"]
[PlyCount "100"]

1.d4 e6 2.Nf3 c5 3.e3 Nf6 4.Bd3 cxd4 5.exd4 b6 6.O-O Bb7 7.c4 Be7 8.Nc3 d6
9.Re1 O-O 10.b3 Nbd7 11.Bb2 Re8 12.Rc1 Nf8 13.a3 Ng6 14.b4 Rc8 15.Bf1 Bf8 
16.Nd2 Qc7 17.Nce4 Nd7 18.Qh5 Qd8 19.d5 e5 20.g3 b5 21.Nc3 bxc4 22.Nxc4 
Nb6 23.Ne3 Be7 24.h4 Bf6 25.a4 e4 26.a5 Nd7 27.Bb5 a6 28.Ba4 Rc7 29.Nf5 
Be5 30.Bxd7 Qxd7 31.Nxe4 Rxc1 32.Bxc1 Bxd5 33.Nfxd6 Re6 34.Qd1 Rxd6 35.
Nxd6 Qxd6 36.f4 Bc3 37.Re8+ Nf8 38.Be3 Bxb4 39.Bb6 Qc6 40.Rd8 Be4 41.Kh2 
Qc4 42.Qd4 Qe2+ 43.Qf2 Qb5 44.Rd4 Bb7 45.f5 h5 46.Qb2 Qf1 47.g4 Qh1+ 48.
Kg3 Be1+ 49.Kf4 Qf3+ 50.Kg5 Qe3+ 0-1

[Event "3rd Asia-ch"]
[Site "Kolkata IND"]
[Date "2001.08.15"]
[Round "9"]
[White "Sandipan, Chanda"]
[Black "Dableo, Ronald"]
[Result "1/2-1/2"]
[WhiteElo "2427"]
[BlackElo "2310"]
[EventDate "2001.08.09"]
[PlyCount "91"]

1.e4 e6 2.d4 d5 3.e5 b6 4.c3 a5 5.Nf3 Qd7 6.Bd3 Ba6 7.O-O Ne7 8.b3 c5 9.
dxc5 bxc5 10.Bxa6 Nxa6 11.c4 d4 12.Nbd2 Nb4 13.Ne4 Ng6 14.Ba3 Qc7 15.Bxb4 
axb4 16.Re1 Be7 17.Ned2 Ra6 18.g3 O-O 19.h4 Rfa8 20.h5 Nf8 21.Qc2 Qa7 22.
h6 g6 23.Qe4 Rxa2 24.Rxa2 Qxa2 25.Qf4 Nd7 26.Ng5 Rf8 27.Nge4 Qa6 28.Nf3 
Qc6 29.Ra1 Ra8 30.Rxa8+ Qxa8 31.Nh2 d3 32.Ng4 Qa1+ 33.Kh2 Qd4 34.Ngf6+ 
Bxf6 35.Nxf6+ Nxf6 36.Qxf6 Kf8 37.Qh8+ Ke7 38.Qf6+ Ke8 39.Qh8+ Kd7 40.Qf6 
d2 41.Qxf7+ Kd8 42.Qf8+ Kc7 43.Qe7+ Kc8 44.Qf8+ Qd8 45.Qxc5+ Kd7 46.Qb5+ 
1/2-1/2

[Event "3rd Asia-ch"]
[Site "Kolkata IND"]
[Date "2001.08.15"]
[Round "9"]
[White "Thipsay, Praveen Mahadeo"]
[Black "Yu Shaoteng"]
[Result "0-1"]
[WhiteElo "2453"]
[BlackElo "2517"]
[EventDate "2001.08.09"]
[PlyCount "72"]

1.e4 e5 2.Nf3 Nf6 3.Nxe5 d6 4.Nf3 Nxe4 5.Bd3 d5 6.Qe2 Qe7 7.O-O Nd6 8.Qd1 
Qd8 9.Nc3 c6 10.Re1+ Be7 11.Qe2 Nd7 12.b4 Nf8 13.b5 Ne6 14.bxc6 bxc6 15.
Ne5 Qc7 16.Qf3 Rb8 17.Ba3 O-O 18.Qg3 Re8 19.Ng4 Kh8 20.Qe5 Kg8 21.Re3 f5 
22.Bxd6 Bxd6 23.Qxf5 Nf8 24.Qg5 Bxg4 25.Qxg4 Bxh2+ 26.Kh1 Bf4 27.Rh3 Bxd2 
28.Ne2 Qe5 29.Rd1 Ba5 30.Nd4 Bc7 31.Nxc6 Qe1+ 32.Bf1 Qxf2 33.Rf3 Qxc2 34.
Rxf8+ Rxf8 35.Ne7+ Kh8 36.Bd3 Qxd3 0-1

[Event "3rd Asia-ch"]
[Site "Kolkata IND"]
[Date "2001.08.15"]
[Round "9"]
[White "Turpanov, Milan"]
[Black "Abu Sufian, Shakil"]
[Result "1-0"]
[WhiteElo "2276"]
[BlackElo "2276"]
[EventDate "2001.08.09"]
[PlyCount "71"]

1.d4 Nf6 2.Nf3 c5 3.c3 e6 4.Bg5 d5 5.e3 Nbd7 6.Nbd2 Be7 7.Bd3 b6 8.O-O Bb7
9.Qe2 O-O 10.Rad1 Ne4 11.Bf4 g5 12.Bg3 f5 13.Ne5 Nxg3 14.hxg3 Nxe5 15.dxe5
g4 16.f3 gxf3 17.gxf3 Kh8 18.Kf2 Rg8 19.Rh1 Rg7 20.Rh6 Qg8 21.Rdh1 Rf8 22.
Nf1 Bg5 23.R6h5 Rff7 24.Ke1 c4 25.Bc2 Qb8 26.f4 Bd8 27.Rg1 Bc6 28.Qh2 Qb7 
29.Rh6 Re7 30.g4 fxg4 31.Ng3 Be8 32.f5 Rg5 33.f6 Rf7 34.Rh1 Rxe5 35.Bxh7 
Rxe3+ 36.Kd2 1-0

[Event "3rd Asia-ch"]
[Site "Kolkata IND"]
[Date "2001.08.15"]
[Round "9"]
[White "Vladimirov, Evgeny"]
[Black "Odeev, Handszar"]
[Result "0-1"]
[WhiteElo "2612"]
[BlackElo "2479"]
[EventDate "2001.08.09"]
[PlyCount "70"]

1.c4 Nf6 2.Nc3 e5 3.Nf3 Nc6 4.e3 Be7 5.d4 d6 6.d5 Nb8 7.Be2 O-O 8.O-O Ne8 
9.b4 a5 10.bxa5 Rxa5 11.Nd2 Ra8 12.Nb3 f5 13.a4 Rf6 14.f4 e4 15.g4 Rg6 16.
Kh1 Bf6 17.Nd4 fxg4 18.f5 Rh6 19.Bxg4 Be5 20.h3 Nf6 21.Bd2 Na6 22.Ne6 Qe7 
23.Rg1 Nc5 24.Nxc5 dxc5 25.Qe2 Nxg4 26.Qxg4 Rh4 27.d6 cxd6 28.Nd5 Qd8 29.
Raf1 Rxg4 30.Rxg4 Rxa4 31.Rxe4 b5 32.Rg4 Rxc4 33.e4 Kf7 34.Bg5 Qa5 35.Bh4 
Qa2 0-1

[Event "3rd Asia-ch"]
[Site "Kolkata IND"]
[Date "2001.08.15"]
[Round "9"]
[White "Wohl, Aleksandar"]
[Black "Bin Sattar, Reefat"]
[Result "0-1"]
[WhiteElo "2371"]
[BlackElo "2444"]
[EventDate "2001.08.09"]
[PlyCount "57"]

1.d4 e6 2.Nf3 d5 3.g3 Nf6 4.Bg2 Be7 5.c4 Nbd7 6.O-O O-O 7.Qc2 c6 8.Nbd2 b6
9.e4 Ba6 10.e5 Ne8 11.Re1 Rc8 12.b3 Nc7 13.a4 c5 14.Bb2 Bb7 15.Rad1 Na6 
16.h4 h6 17.Qb1 Rc7 18.dxc5 bxc5 19.cxd5 Bxd5 20.Nh2 Nb4 21.Bxd5 exd5 22.
Ng4 d4 23.e6 Nf6 24.exf7+ Rxf7 25.Ne5 Rf8 26.Ba3 Nbd5 27.Qf5 Qc8 28.Qxc8 
Rfxc8 29.Ng6 0-1

[Event "3rd Asia-ch"]
[Site "Kolkata IND"]
[Date "2001.08.15"]
[Round "9"]
[White "Wu Wenjin"]
[Black "Barsov, Alexei"]
[Result "1/2-1/2"]
[WhiteElo "2560"]
[BlackElo "2495"]
[EventDate "2001.08.09"]
[PlyCount "68"]

1.e4 e6 2.d4 d5 3.Nc3 Bb4 4.e5 Ne7 5.a3 Bxc3+ 6.bxc3 c5 7.h4 Qc7 8.Rh3 b6 
9.h5 h6 10.Qg4 Nf5 11.Ne2 Nc6 12.Qf4 Bd7 13.g4 Nfe7 14.Rf3 Rf8 15.Bh3 f6 
16.exf6 Qxf4 17.Rxf4 gxf6 18.Rf3 Ng8 19.Be3 Na5 20.Nf4 cxd4 21.cxd4 Rc8 
22.Ng6 Rf7 23.Ra2 Rc3 24.Rg3 Nc4 25.Bf4 Rxg3 26.Bxg3 Ne7 27.Nxe7 Rxe7 28.
Bf4 e5 29.dxe5 Nxe5 30.Kd2 Bxg4 31.Bxe5 Bxh3 32.Bxf6 Rf7 33.Bd4 Bg4 34.a4 
Bxh5 1/2-1/2

[Event "3rd Asia-ch"]
[Site "Kolkata IND"]
[Date "2001.08.15"]
[Round "9"]
[White "Yurtaev, Leonid"]
[Black "Ganguly, Surya Shekhar"]
[Result "0-1"]
[WhiteElo "2543"]
[BlackElo "2464"]
[EventDate "2001.08.09"]
[PlyCount "50"]

1.e4 c5 2.Nf3 e6 3.Nc3 Nc6 4.Bb5 Nd4 5.Nxd4 cxd4 6.Ne2 Nf6 7.Ng3 h5 8.Qf3 
h4 9.Ne2 Rh5 10.Ba4 Qa5 11.Bb3 d5 12.exd5 e5 13.O-O Bf5 14.Nxd4 exd4 15.
Re1+ Kd8 16.Qf4 Qc5 17.c3 Bd6 18.cxd4 Qc7 19.Qe3 Bxh2+ 20.Kh1 h3 21.d3 
hxg2+ 22.Kxg2 Bh3+ 23.Kh1 Bg4 24.Kg2 Rh3 25.Qg5 Rg3+ 0-1

[Event "3rd Asia-ch"]
[Site "Kolkata IND"]
[Date "2001.08.15"]
[Round "9"]
[White "Zagrebelny, Sergei"]
[Black "Sasikiran, Krishnan"]
[Result "1-0"]
[WhiteElo "2466"]
[BlackElo "2589"]
[EventDate "2001.08.09"]
[PlyCount "105"]

1.e4 e5 2.Nf3 Nc6 3.Bb5 a6 4.Ba4 Nf6 5.O-O Be7 6.Re1 b5 7.Bb3 d6 8.c3 O-O 
9.h3 Nb8 10.d3 Nbd7 11.Nbd2 c6 12.Nf1 Nc5 13.Bc2 Ne6 14.Ng3 g6 15.Bh6 Re8 
16.Qd2 Kh8 17.d4 Qc7 18.Rad1 Ng8 19.Be3 f6 20.Bb3 Bf8 21.Nh2 c5 22.Ne2 Bb7
23.Bd5 Rad8 24.Bxb7 Qxb7 25.d5 Ng7 26.Ng3 f5 27.f4 Nf6 28.Nf3 Ngh5 29.Nxh5
Nxe4 30.Qe2 gxh5 31.fxe5 dxe5 32.Ng5 Nf6 33.Ne6 Rxd5 34.Rxd5 Nxd5 35.Nxf8 
Qc6 36.Nxh7 Nxe3 37.Nf6 Re6 38.Qxh5+ Kg7 39.Qg5+ Kf7 40.Rxe3 Rxf6 41.Rxe5 
Qd7 42.Qh5+ Kg7 43.Rxc5 Qa7 44.b4 Qd7 45.Qg5+ Kf7 46.Qf4 Qd3 47.h4 Qe4 48.
Rc7+ Ke8 49.Qg3 f4 50.Qg8+ Rf8 51.Qg4 Rf5 52.Qg6+ Kf8 53.Qg7+ 1-0

[Event "3rd Asia-ch"]
[Site "Kolkata IND"]
[Date "2001.08.15"]
[Round "9"]
[White "Zhang Pengxiang"]
[Black "Antonio, Rogelio jr"]
[Result "1-0"]
[WhiteElo "2487"]
[BlackElo "2535"]
[EventDate "2001.08.09"]
[PlyCount "89"]

1.e4 c5 2.Nc3 Nc6 3.Nf3 e6 4.d4 cxd4 5.Nxd4 Nf6 6.Nxc6 bxc6 7.e5 Nd5 8.Ne4
f5 9.exf6 Nxf6 10.Nd6+ Bxd6 11.Qxd6 Qb6 12.Bd3 c5 13.Bf4 Bb7 14.O-O Rc8 
15.c4 Rc6 16.Qb8+ Rc8 17.Qd6 Rc6 18.Qe5 O-O 19.Rad1 Qd8 20.f3 Qe8 21.Bc2 
Qf7 22.Ba4 Ra6 23.Bb5 Rxa2 24.Qc3 d5 25.Qb3 Ra6 26.Bxa6 Bxa6 27.Qa3 Bxc4 
28.Rfe1 Rc8 29.Bd6 a6 30.Bxc5 Rb8 31.Bd4 h6 32.Qd6 Re8 33.Re3 Qe7 34.Qxe7 
Rxe7 35.b3 Bb5 36.Bxf6 gxf6 37.Rxd5 Kf7 38.Rd6 f5 39.Kf2 Kf6 40.f4 h5 41.
Kg3 Bf1 42.Re1 Bb5 43.Kh4 Re8 44.Re3 Bf1 45.Rd7 1-0